[Event "Barcelona Tres Peons 8th"]
[Site "Barcelona"]
[Date "2016.01.13"]
[Round "1.8"]
[White "Bayarri Ponsa, Eduard"]
[Black "Gallego Bergada, Antoni"]
[Result "0-1"]
[WhiteElo "1837"]
[BlackElo "2131"]
[PlyCount "101"]
[EventDate "2016.01.13"]
[EventType "swiss"]
[EventRounds "9"]
[EventCountry "ESP"]
[SourceTitle "EXT 2024"]
[Source "ChessBase"]
[SourceDate "2023.10.10"]
[SourceVersion "1"]
[SourceVersionDate "2023.10.10"]
[SourceQuality "1"]

1. e4 d5 2. exd5 Qxd5 3. Nc3 Qa5 4. Nf3 Nf6 5. d4 Nc6 6. Be2 Bg4 7. h3 Bh5 8. g4 Bg6 9. Bd2 a6 10. g5 Nd5 11. 0-0 Nxc3 12. bxc3 e6 13. c4 Qf5 14. d5 exd5 15. Bd3 Qxh3 16. cxd5 Qg4+ 17. Kh1 Nd4 18. Re1+ Kd8 19. Nxd4 Qxd4 20. Qf3 Bd6 21. Kg2 Bxd3 22. cxd3 Rf8 23. Rac1 f5 24. Rc4 Qb6 25. Bc3 Rf7 26. Qh5 g6 27. Qe2 Qb5 28. Bf6+ Rxf6 29. gxf6 Qxd5+ 30. Qf3 Qxf3+ 31. Kxf3 Kd7 32. Rh1 Rh8 33. Re1 Rf8 34. a4 a5 35. d4 Rxf6 36. d5 b6 37. Kg2 g5 38. Rh1 h6 39. Rc2 Bf4 40. f3 Rd6 41. Rd1 h5 42. Rc4 h4 43. Kh3 Kd8 44. Rc2 Rd7 45. Rc6 Ke7 46. Re1+ Kf7 47. Rce6 Bd6 48. Rh6 Bf8 49. Ree6 Bxh6 50. Rxh6 Rxd5 51. Rh7+ 0-1

[Event "Barcelona Puig op 1st"]
[Site "Barcelona"]
[Date "2015.09.30"]
[Round "1.8"]
[White "Ballester Llagaria, Luis Eduardo"]
[Black "Bayarri Ponsa, Eduard"]
[Result "1-0"]
[WhiteElo "2254"]
[BlackElo "2033"]
[PlyCount "65"]
[EventDate "2015.09.30"]
[EventType "swiss"]
[EventRounds "9"]
[EventCountry "ESP"]
[SourceTitle "EXT 2024"]
[Source "ChessBase"]
[SourceDate "2023.10.10"]
[SourceVersion "1"]
[SourceVersionDate "2023.10.10"]
[SourceQuality "1"]

1. e4 g6 2. d4 Bg7 3. Nc3 d6 4. f4 c6 5. Nf3 Nf6 6. Bd3 0-0 7. 0-0 b5 8. e5 dxe5 9. fxe5 Nd5 10. Nxd5 Qxd5 11. Qe1 Bg4 12. Qh4 Qd7 13. c3 f6 14. Bh6 Bxh6 15. Qxh6 Bf5 16. exf6 exf6 17. Bxf5 Qxf5 18. Ne5 Qh5 19. Qxh5 gxh5 20. Nd3 Nd7 21. Rae1 Rae8 22. h4 Rxe1 23. Rxe1 Kf7 24. Nf4 Rg8 25. Nxh5 Rg4 26. g3 Kg6 27. Nf4+ Kf5 28. Kg2 Nb6 29. Kf3 Nc4 30. Re2 c5 31. Ng2 Rg7 32. g4+ Kg6 33. b3 1-0

[Event "Barcelona Sant Marti op-B 15th"]
[Site "Barcelona"]
[Date "2013.07.19"]
[Round "7"]
[White "Bayarri Ponsa, Eduard"]
[Black "Petit Montes, Marc"]
[Result "1/2-1/2"]
[WhiteElo "1878"]
[BlackElo "1656"]
[PlyCount "81"]
[EventDate "2013.07.13"]
[EventType "swiss"]
[EventRounds "9"]
[EventCountry "ESP"]
[SourceTitle "CBM 155 Extra"]
[Source "ChessBase"]
[SourceDate "2013.08.26"]
[SourceVersion "1"]
[SourceVersionDate "2013.08.26"]
[SourceQuality "1"]

1. e4 c6 2. d4 d5 3. e5 Bf5 4. Nc3 Qb6 5. g4 Bd7 6. h3 e6 7. Nf3 c5 8. Bg2 Nc6 9. dxc5 Bxc5 10. 0-0 Nd4 11. Ne1 Qc7 12. Nd3 Bb6 13. a4 a6 14. Be3 Nc6 15. Bxb6 Qxb6 16. Qd2 Nge7 17. a5 Qc7 18. Na4 Nxe5 19. Nxe5 Qxe5 20. Nb6 Rd8 21. Rfe1 Qd6 22. Qg5 0-0 23. c4 Bc6 24. Rad1 h6 25. Qc1 Qc5 26. cxd5 Qxc1 27. Rxc1 Nxd5 28. Nxd5 Bxd5 29. Rc7 Bxg2 30. Kxg2 Rd5 31. Rxb7 Rxa5 32. Rc1 Rb5 33. Rxb5 axb5 34. Rc5 Rb8 35. b4 Rb7 36. Kf3 Kf8 37. Ke4 Ke7 38. h4 Kd6 39. f4 f6 40. h5 Ke7 41. Kd4 1/2-1/2

[Event "Barcelona Sant Marti op-B 15th"]
[Site "Barcelona"]
[Date "2013.07.18"]
[Round "6"]
[White "Fungueirino Pique, Daniel"]
[Black "Bayarri Ponsa, Eduard"]
[Result "0-1"]
[WhiteElo "1694"]
[BlackElo "1878"]
[PlyCount "56"]
[EventDate "2013.07.13"]
[EventType "swiss"]
[EventRounds "9"]
[EventCountry "ESP"]
[SourceTitle "CBM 155 Extra"]
[Source "ChessBase"]
[SourceDate "2013.08.26"]
[SourceVersion "1"]
[SourceVersionDate "2013.08.26"]
[SourceQuality "1"]

1. d4 d5 2. Nf3 c6 3. e3 Nf6 4. Nbd2 Bf5 5. Be2 e6 6. c4 Nbd7 7. Ne5 Nxe5 8. dxe5 Nd7 9. cxd5 exd5 10. f4 Nc5 11. 0-0 Qb6 12. Nf3 Be4 13. Nd4 0-0-0 14. a3 Ne6 15. Bg4 c5 16. Nxe6 fxe6 17. f5 exf5 18. Bxf5+ Bxf5 19. Rxf5 Qe6 20. Qg4 g6 21. Rg5 Qxg4 22. Rxg4 Bg7 23. Rb1 Bxe5 24. Bd2 Rhe8 25. Rh4 Rd7 26. Rh3 Rf8 27. b4 c4 28. e4 d4 0-1

[Event "Barcelona Sant Marti op-B 15th"]
[Site "Barcelona"]
[Date "2013.07.17"]
[Round "5"]
[White "Bayarri Ponsa, Eduard"]
[Black "Demestres Lopez, Ricardo"]
[Result "1/2-1/2"]
[WhiteElo "1878"]
[BlackElo "1668"]
[PlyCount "79"]
[EventDate "2013.07.13"]
[EventType "swiss"]
[EventRounds "9"]
[EventCountry "ESP"]
[SourceTitle "CBM 155 Extra"]
[Source "ChessBase"]
[SourceDate "2013.08.26"]
[SourceVersion "1"]
[SourceVersionDate "2013.08.26"]
[SourceQuality "1"]

1. e4 e5 2. Nf3 Nc6 3. Bb5 d6 4. c3 Bd7 5. 0-0 Nf6 6. Re1 a6 7. Ba4 Be7 8. d4 b5 9. Bc2 Bg4 10. d5 Nb8 11. a4 bxa4 12. Bxa4+ Bd7 13. b4 0-0 14. Bb3 Bg4 15. b5 Bc8 16. Nbd2 Bb7 17. c4 Nbd7 18. bxa6 Rxa6 19. Rxa6 Bxa6 20. Ba3 Qa8 21. Qc2 Qa7 22. Ra1 Ra8 23. Ba4 Nc5 24. Bc6 Bb7 25. Bb2 Qb8 26. Bb5 Rxa1+ 27. Bxa1 Qa8 28. Qb1 Nfxe4 29. Nxe4 Nxe4 30. Bxe5 dxe5 31. Qxe4 Qa1+ 32. Qe1 Qxe1+ 33. Nxe1 f5 34. Kf1 Kf7 35. Ke2 g5 36. Nd3 Kf6 37. f3 h5 38. h3 h4 39. Ke3 Ba3 40. Ke2 1/2-1/2

[Event "Barcelona Sant Marti op-B 15th"]
[Site "Barcelona"]
[Date "2013.07.15"]
[Round "3"]
[White "Bayarri Ponsa, Eduard"]
[Black "Romero Gamez, Francisco Javier"]
[Result "1/2-1/2"]
[WhiteElo "1878"]
[BlackElo "1683"]
[PlyCount "69"]
[EventDate "2013.07.13"]
[EventType "swiss"]
[EventRounds "9"]
[EventCountry "ESP"]
[SourceTitle "CBM 155 Extra"]
[Source "ChessBase"]
[SourceDate "2013.08.26"]
[SourceVersion "1"]
[SourceVersionDate "2013.08.26"]
[SourceQuality "1"]

1. e4 c5 2. Nf3 d6 3. d4 cxd4 4. Nxd4 Nf6 5. Nc3 a6 6. Be2 e5 7. Nb3 Be6 8. 0-0 Nbd7 9. Be3 Be7 10. f3 Nb6 11. Kh1 0-0 12. Bxb6 Qxb6 13. Nd5 Bxd5 14. exd5 Rac8 15. c4 Nd7 16. Qd2 h6 17. g3 f5 18. Bd3 Nc5 19. Nxc5 Qxc5 20. b4 Qd4 21. Qc2 e4 22. fxe4 fxe4 23. Bxe4 Rxc4 24. Bh7+ Kh8 25. Qd3 Qxd3 26. Bxd3 Rxb4 27. Rxf8+ Bxf8 28. Rf1 Be7 29. Re1 Bf8 30. Rf1 Kg8 31. Bf5 Be7 32. Be6+ Kh7 33. Rf7 Bf6 34. Bf5+ Kg8 35. Bg6 1/2-1/2

[Event "ESP-ch Seniors 27th"]
[Site "Santa Susanna"]
[Date "2011.05.19"]
[Round "7"]
[White "Tejero Royo, Fermin"]
[Black "Bayarri Ponsa, Eduard"]
[Result "1-0"]
[WhiteElo "2101"]
[BlackElo "1905"]
[PlyCount "54"]
[EventDate "2011.05.13"]
[EventType "swiss"]
[EventRounds "9"]
[EventCountry "ESP"]
[SourceTitle "CBM 142 Extra"]
[Source "ChessBase"]
[SourceDate "2011.06.27"]
[SourceVersion "1"]
[SourceVersionDate "2011.06.27"]
[SourceQuality "1"]

1. d4 d5 2. Nf3 c6 3. g3 Nf6 4. Bg2 Bg4 5. 0-0 e6 6. c4 Nbd7 7. b3 Bd6 8. Bb2 0-0 9. Nc3 Re8 10. Re1 Bb4 11. a3 Bxc3 12. Bxc3 Ne4 13. Bb2 Qf6 14. Rf1 Bxf3 15. exf3 Nd6 16. c5 Nc8 17. Qd2 Qf5 18. f4 Ne7 19. Rfe1 Ng6 20. Bf1 f6 21. Bd3 Qg4 22. f3 Qxf3 23. Be2 Qxb3 24. Bc3 b5 25. a4 a6 26. Reb1 bxa4 27. Rxb3 axb3 1-0

[Event "Cerdanyola del Valles op-A 24th"]
[Site "Cerdanyola del Valles"]
[Date "2006.10.14"]
[Round "3.16"]
[White "Algarte Cortes, Serafin Ramon"]
[Black "Bayarri Ponsa, Eduard"]
[Result "0-1"]
[WhiteElo "1965"]
[BlackElo "2025"]
[PlyCount "88"]
[EventDate "2006.09.30"]
[EventType "swiss"]
[EventRounds "8"]
[EventCountry "AUT"]
[SourceTitle "EXT 2024"]
[Source "ChessBase"]
[SourceDate "2023.10.10"]
[SourceVersion "1"]
[SourceVersionDate "2023.10.10"]
[SourceQuality "1"]

1. e4 g6 2. Nf3 Bg7 3. d4 d6 4. Bc4 Nf6 5. Nc3 Bg4 6. h3 Bxf3 7. Qxf3 Nc6 8. Be3 0-0 9. 0-0 e5 10. d5 Nd4 11. Qd1 Nd7 12. Ne2 Nxe2+ 13. Qxe2 Qh4 14. Bd3 f5 15. f3 f4 16. Bf2 Qh6 17. c4 g5 18. b4 Nf6 19. a4 Qg6 20. a5 h5 21. c5 g4 22. Bh4 gxh3 23. Kh2 hxg2 24. Rg1 Ng4+ 25. fxg4 f3 26. gxh5 Qxh5 27. Qf2 Rf4 28. Kh3 Qg4+ 29. Kh2 Qxh4+ 30. Qxh4 Rxh4+ 31. Kg3 Rf4 32. Ra2 Bf6 33. Kf2 Kf7 34. Ke3 Rh8 35. Raa1 Rh3 36. Kd2 Bg5 37. Kc2 Rfh4 38. c6 b6 39. axb6 axb6 40. Ra7 Bd8 41. Ra8 Ke7 42. Raa1 Rh1 43. Kd2 Rxg1 44. Rxg1 Rh1 0-1